• 首页
  • 本馆介绍
  • 公告通知
  • 最新文献
  • 馆藏检索
  • 电子资源
  • 读者导购
  • 参考咨询
  • 我的图书馆
  • 登录
  • 详细信息显示
  • 放入我的书架
  • 预约/预借图书
  • 作者相关作品
  • 分类相关作品
  • 丛书相关作品
  • 出版社相关作品

书目信息

  • 表格格式
  • 工作单格式
  • 卡片格式
题名:
纳西族哥巴文字源考释
    
 
作者: 李晓兰 著
分册:  
出版信息: 北京   中国纺织出版社有限公司  2020.12
页数: 201页
开本: 26cm
丛书名:
单 册:
中图分类: H257.2
科图分类:
主题词: 纳西族--na xi zu--文字--研究
电子资源:
ISBN: 978-7-5180-8209-4
000 01054nam0 2200253 450
001 CAL 0120213143760
005 20230217093112.0
010    @a978-7-5180-8209-4@dCNY68.00
100    @a20210112d2020 em y0chiy0120 ea
101 0  @achi
102    @aCN@b110000
105    @ak a 000yy
106    @ar
200 1  @a纳西族哥巴文字源考释@Ana xi zu ge ba wen zi yuan kao shi@f李晓兰著
210    @a北京@c中国纺织出版社有限公司@d2020.12
215    @a201页@d26cm
300    @a2018年博士科研启动基金项目 (人文社科类) “纳西族哥巴文异体字群发生与发展研究”研究成果
320    @a有书目 (第199-201页)
330    @a本书深入探讨了哥巴文与汉字、东巴文、藏文等源文字之间的关系, 从历史、地理、文化等方面揭示了哥巴文成为“拼盘文字”的必然性。总体来说, 该书的研究难度较大, 对于推动哥巴文的整理与研究、哥巴文与其他民族文字的关系研究以及普通文字学、比较文字学、文字史的研究具有积极意义。
606 0  @a纳西族@Ana xi zu@x文字@x研究
690    @aH257.2@v5
701  0 @a李晓兰@Ali xiao lan@4著
801  0 @aCN@bBJXHZP@c20230222
905    @b1394266-9@dH257.2@e1624@f4
    
    纳西族哥巴文字源考释/李晓兰著.-北京:中国纺织出版社有限公司,2020.12
    201页;26cm
    2018年博士科研启动基金项目 (人文社科类) “纳西族哥巴文异体字群发生与发展研究”研究成果
    
    ISBN 978-7-5180-8209-4:CNY68.00
    本书深入探讨了哥巴文与汉字、东巴文、藏文等源文字之间的关系, 从历史、地理、文化等方面揭示了哥巴文成为“拼盘文字”的必然性。总体来说, 该书的研究难度较大, 对于推动哥巴文的整理与研究、哥巴文与其他民族文字的关系研究以及普通文字学、比较文字学、文字史的研究具有积极意义。
●
相关链接 在E读中查询图书 在五车中查询图书 在当当中查询图书 在豆瓣中查询图书


正题名:纳西族哥巴文字源考释     索取号:H257.2/1624         预约/预借

序号 登录号 条形码 馆藏地/架位号 状态 备注
1 1394266   213942661   第二样本阅览室/ [索取号:H257.2/1624] 在馆    
2 1394267   213942670   第四借阅区/ [索取号:H257.2/1624] 在馆    
3 1394268   213942689   第四借阅区/ [索取号:H257.2/1624] 在馆    
4 1394269   213942698   第四借阅区/ [索取号:H257.2/1624] 在馆    
唐山师范学院图书馆 欢迎您!
大连网信软件有限公司© 版权所有